[Event "Budapest Vezerkepzo GM-B 03"]
[Site "Budapest"]
[Date "2023.03.21"]
[Round "6"]
[White "Csiki, Endre"]
[Black "Pribelszky, Bence"]
[Result "1-0"]
[WhiteElo "2336"]
[BlackElo "2380"]
[PlyCount "79"]
[EventDate "2023.03.16"]
[EventType "tourn"]
[EventRounds "9"]
[EventCountry "HUN"]
[EventCategory "6"]
[SourceTitle "CBM 213 Extra"]
[Source "ChessBase"]
[SourceDate "2023.05.31"]
[SourceVersion "1"]
[SourceVersionDate "2023.05.31"]
[SourceQuality "1"]

1. d4 Nf6 2. Bf4 d5 3. e3 e6 4. Nf3 c5 5. Nbd2 Bd6 6. Bb5+ Nc6 7. dxc5 Bxc5 8. c4 Qb6 9. 0-0 0-0 10. Rc1 Bd7 11. Qe2 Rac8 12. Rfd1 a6 13. Ba4 h6 14. a3 a5 15. cxd5 exd5 16. Qb5 Qxb5 17. Bxb5 Bb6 18. Nb3 Bg4 19. Bd6 Rfe8 20. Bc5 Bc7 21. Nbd4 Bd7 22. a4 Ne4 23. Ba3 Bb6 24. Nb3 Nxf2 25. Kxf2 Bxe3+ 26. Kf1 Bxc1 27. Nxc1 Nb8 28. Nb3 Bxb5+ 29. axb5 a4 30. Nc5 b6 31. Nxa4 Nd7 32. Nd4 Re4 33. Nc3 Rf4+ 34. Kg1 Nf6 35. Bd6 Rg4 36. h3 Rg5 37. Bf4 Rg6 38. Nf5 Re8 39. Nh4 d4 40. Rxd4 1-0

[Event "Budapest Vezerkepzo GM-B 03"]
[Site "Budapest"]
[Date "2023.03.20"]
[Round "5"]
[White "Csiki, Endre"]
[Black "Rosh, Jain"]
[Result "1-0"]
[WhiteElo "2336"]
[BlackElo "2325"]
[PlyCount "113"]
[EventDate "2023.03.16"]
[EventType "tourn"]
[EventRounds "9"]
[EventCountry "HUN"]
[EventCategory "6"]
[SourceTitle "CBM 213 Extra"]
[Source "ChessBase"]
[SourceDate "2023.05.31"]
[SourceVersion "1"]
[SourceVersionDate "2023.05.31"]
[SourceQuality "1"]

1. d4 Nf6 2. Bf4 e6 3. e3 d5 4. Nf3 Bd6 5. Ne5 0-0 6. Nd2 c5 7. c3 Qc7 8. Bd3 Nc6 9. Ndf3 Ne4 10. 0-0 f6 11. Nxc6 Bxf4 12. exf4 Qxc6 13. dxc5 Nxc5 14. Bc2 Rd8 15. b4 Nd7 16. Nd4 Qd6 17. f5 Nf8 18. fxe6 Bxe6 19. Re1 Bd7 20. Qf3 Ng6 21. Bb3 Be8 22. Bxd5+ Kh8 23. Bxb7 Rab8 24. Be4 Nf8 25. Bc2 Rbc8 26. Bb3 Qc7 27. Re3 Bg6 28. Rae1 a6 29. Be6 Ra8 30. Bd5 Rac8 31. Bb7 Rb8 32. Bxa6 Ra8 33. Re7 Qd6 34. Bc4 Rac8 35. Bb3 Nd7 36. R7e3 Ne5 37. Qg3 Qb6 38. h3 Nf7 39. Ne6 Re8 40. Nf4 Rxe3 41. Qxe3 Qxe3 42. Nxg6+ hxg6 43. Rxe3 Nd6 44. a4 Nf5 45. Rd3 Rc7 46. a5 g5 47. Rd8+ Kh7 48. Bc2 g6 49. Bxf5 gxf5 50. a6 g4 51. b5 Rxc3 52. a7 g3 53. fxg3 Rxg3 54. a8Q f4 55. Qe4+ Kh6 56. Rh8+ Kg7 57. Qh7# 1-0

[Event "Budapest Vezerkepzo Carnival GM"]
[Site "Budapest"]
[Date "2023.02.16"]
[Round "1"]
[White "Csiki, Endre"]
[Black "Pacher, Milan"]
[Result "1/2-1/2"]
[WhiteElo "2335"]
[BlackElo "2402"]
[PlyCount "32"]
[EventDate "2023.02.16"]
[EventType "tourn"]
[EventRounds "9"]
[EventCountry "HUN"]
[EventCategory "6"]
[SourceTitle "CBM 212 Extra"]
[Source "ChessBase"]
[SourceDate "2023.03.31"]
[SourceVersion "1"]
[SourceVersionDate "2023.03.31"]
[SourceQuality "1"]

1. e4 e5 2. Nf3 Nf6 3. Nc3 Nc6 4. d4 exd4 5. Nxd4 Bb4 6. Nxc6 bxc6 7. Bd3 d5 8. Bd2 0-0 9. 0-0 Re8 10. Nxd5 Nxd5 11. exd5 Bxd2 12. Qxd2 cxd5 13. Rfe1 Rxe1+ 14. Rxe1 Be6 15. Qa5 c6 16. Qxd8+ Rxd8 1/2-1/2

[Event "HUN-chT 2223"]
[Site "Hungary"]
[Date "2023.01.15"]
[Round "7.5"]
[White "Csiki, Endre"]
[Black "Prohaszka, Peter"]
[Result "0-1"]
[WhiteElo "2312"]
[BlackElo "2562"]
[PlyCount "116"]
[EventDate "2022.11.20"]
[EventType "team-tourn"]
[EventRounds "9"]
[EventCountry "HUN"]
[SourceTitle "CBM 213 Extra"]
[Source "ChessBase"]
[SourceDate "2023.05.31"]
[SourceVersion "1"]
[SourceVersionDate "2023.05.31"]
[SourceQuality "1"]
[WhiteTeam "Dunaharaszti"]
[BlackTeam "Ajka Sentimento"]
[WhiteTeamCountry "HUN"]
[BlackTeamCountry "HUN"]

1. e4 c6 2. d4 d5 3. Nc3 dxe4 4. Nxe4 Nf6 5. Nxf6+ gxf6 6. Nf3 Bg4 7. c3 Nd7 8. Be2 e6 9. Bf4 Bg7 10. Qd2 0-0 11. 0-0 Re8 12. Bh6 Nf8 13. Bxg7 Kxg7 14. Ne1 Bxe2 15. Qxe2 Ng6 16. Nd3 e5 17. dxe5 fxe5 18. Rad1 Qe7 19. f4 exf4 20. Qxe7 Rxe7 21. Nxf4 Nxf4 22. Rxf4 Rae8 23. Rdf1 Rd7 24. Rg4+ Kf8 25. Rgf4 Re2 26. R4f2 Rxf2 27. Rxf2 Rd1+ 28. Rf1 Rd2 29. Rf2 Rd1+ 30. Rf1 Rd5 31. Rf2 Ra5 32. b3 Rc5 33. c4 Ke7 34. Re2+ Kd6 35. Rd2+ Ke6 36. Kf2 b5 37. cxb5 cxb5 38. Ke3 a5 39. Kd4 Rd5+ 40. Ke3 Rh5 41. g3 Rc5 42. Rd8 Rc2 43. Rd2 Rc5 44. Rd8 Rc2 45. Rd2 Rxd2 46. Kxd2 Kf5 47. Ke3 Kg4 48. Kf2 Kh3 49. Kg1 b4 50. Kh1 f6 51. Kg1 f5 52. Kh1 f4 53. gxf4 Kg4 54. Kg2 Kxf4 55. Kf2 Ke4 56. Ke2 Kd4 57. Kd2 h5 58. h3 h4 0-1

[Event "Bayern-chI Bank Hofmann 25th"]
[Site "Tegernsee"]
[Date "2022.11.11"]
[Round "7"]
[White "Csiki, Endre"]
[Black "Hacker, Jonas"]
[Result "1/2-1/2"]
[WhiteElo "2312"]
[BlackElo "2462"]
[PlyCount "80"]
[EventDate "2022.11.05"]
[EventType "swiss"]
[EventRounds "9"]
[EventCountry "GER"]
[SourceTitle "CBM 211 Extra"]
[Source "ChessBase"]
[SourceDate "2023.01.31"]
[SourceVersion "1"]
[SourceVersionDate "2023.01.31"]
[SourceQuality "1"]

1. e4 c5 2. Nf3 e6 3. c3 Nf6 4. e5 Nd5 5. d4 cxd4 6. cxd4 d6 7. Bc4 Be7 8. 0-0 0-0 9. Qe2 b6 10. Rd1 Bb7 11. Bxd5 exd5 12. Nc3 Na6 13. Bf4 dxe5 14. dxe5 Nc5 15. Nd4 Qd7 16. Rac1 Rad8 17. h3 Ne6 18. Be3 Nxd4 19. Bxd4 Bg5 20. Ra1 Rfe8 21. Qf3 Be7 22. Rac1 Rc8 23. Qg3 Bf8 24. f4 Rc4 25. Kh2 Kh8 26. Qg4 Qxg4 27. hxg4 Rec8 28. Ne2 Rxc1 29. Rxc1 Rxc1 30. Nxc1 Ba6 31. Kg3 Kg8 32. Kf3 Be7 33. Ne2 Bb5 34. Bc3 Bc5 35. Nd4 Bd7 36. f5 Kf8 37. b4 Bxd4 38. Bxd4 Ba4 39. Kf4 Ke7 40. e6 fxe6 1/2-1/2